000 01024nam a22002417a 4500
999 _c13345
_d13345
003 AR-CdUCM
008 190415b ||||| |||| 00| 0 spa d
040 _aMUNICIPALIDAD PROVINCIAL DEL CUSCO
_cBIBLIOTECA MUNICIPAL DEL CUSCO
041 _heng
082 _a121 /
_bD65 / 1952
100 _aDewey, John
_96029
245 _aLa busca de la certeza :
_bun estudio de la realidad entre el conocimiento y la acción /
260 _aMéxico :
_bFondo de Cultura Económica,
_c1952.
300 _aXVIII, 275 páginas ;
_c21 cm.
440 _aSección de obras de filosofía.
_931716
505 _aContenido: Evasión del peligro -- Cómo la filosofía va en busca de lo inmutable -- Conflicto de autoridades -- El arte de la aceptación y el arte del dominio -- Ideas a la obra -- El juego de las ideas ...
650 _aEpistemología
_915376
650 _aConocimiento
_95704
650 _aFilosofía
_9395
700 _aImaz, Eugenio (prólogo y traducción)
_931717
942 _2ddc
_cLIBROS
945 _aachl
_d2019-04-15